01160nam a2200289Ia 4500001001000000003000500010008004100015010001100056040000900067090001700076100003400093245014900127260003400276300001000310502010200320650005700422650003300479710005700512901001700569902000600586905006300592910000900655942000900664942001200673999001900685952016600704Para_5968CHAP220125s1968 xx 000 0 und d a204752 cCHAP aPA TESIS 246 aQuintero Estrada, Joel993418 aEstudio taxonómico en aislamientos de Phytophthora De Bary patogénicos a plantas de chile (Capsicum annum L.) /c por Joel Quintero Estrada aChapingo, Méx. :b el autor a51 h. aTesis (Ing. Agr. Esp. en Parasitología Agrícola) ENA. Departamento Parasitología Agrícola aChile (botánica) x enfermedades por hongos922354 aPhytophthora capsici 987920 aENA. Departamento Parasitología Agrícola9164684 aPA TESIS 246 aA a0000001968 a 0000000000 00 a1968 cPARA cPARAd1 c204752d204752 00102local4051708TESISaPAbPAd2005-10-27fPARAi(PA_3299) (No. UACh CONSUMO)l0oPA TESIS 246p4101000338r2022-01-25 00:00:00tEj.1w2022-01-25yTESISz3